Central Library OPAC University of Rajshahi

دانش‌نامهٔ علایی یا حکمت بوعلی ;; Danesh Nama Alai ya Hikmat Bo Ali / (Record no. 82880)

MARC details
000 -LEADER
fixed length control field 00673naa a2200205 a 4500
001 - CONTROL NUMBER
control field 82880
003 - CONTROL NUMBER IDENTIFIER
rucl marc code BD-RjUL
005 - DATE AND TIME OF LATEST TRANSACTION
control field 20240131104920.0
008 - FIXED-LENGTH DATA ELEMENTS--GENERAL INFORMATION
fixed length control field 240131s13151936i ||||| |||| 00| 0 p d
035 ## - SYSTEM CONTROL NUMBER
System control number (BD-RjUL) 82880
040 ## - CATALOGING SOURCE
Original cataloging agency BD-RjUL
Language of cataloging eng
Transcribing agency BD-RjUL
041 ## - LANGUAGE CODE
Language code of text/sound track or separate title per
082 ## - DEWEY DECIMAL CLASSIFICATION NUMBER
Edition number 23
Classification number 610
Author mark and year KHD 1936
100 ## - MAIN ENTRY--PERSONAL NAME
Personal name خراسانی٫ احمد ;; Khorasani, Ahmed
9 (RLIN) 11306
245 10 - TITLE STATEMENT
Title دانش‌نامهٔ علایی یا حکمت بوعلی ;; Danesh Nama Alai ya Hikmat Bo Ali /
Statement of responsibility, etc. احمد خراسانی ;;; Ahmad Khorasani
260 ## - PUBLICATION, DISTRIBUTION, ETC. (IMPRINT)
Place of publication, distribution, etc. Tehran :
Name of publisher, distributor, etc. چاپخانه مرکزی ,
Date of publication, distribution, etc. 1936
300 ## - PHYSICAL DESCRIPTION
Pagination 111 p. ;
Size 23 cm. ;
650 ## - SUBJECT ADDED ENTRY--TOPICAL TERM
Topical term or geographic name as entry element Medicine
942 ## - ADDED ENTRY ELEMENTS (KOHA)
Source of classification or shelving scheme Dewey Decimal Classification
Koha item type Books
Holdings
Lost status Source of classification or shelving scheme Damaged status Not for loan Collection code Permanent Location Current Location Shelving location Date acquired Source of acquisition Total Checkouts Full call number Date last seen Copy number Koha item type
  Dewey Decimal Classification   Not For Loan Non-fiction Central Library, University of Rajshahi Central Library, University of Rajshahi Reading Room 04/03/1939 Golam Maqsud.Helali,, Sirajgonj, pabna,   F 610 KHD 1936 31/01/2024 C-1 Books